Glamping Luxury in the lap of nature
| Szerző: | |
|---|---|
| Dokumentumtípus: | Könyv része |
| Megjelent: |
Budapesti Gazdaságtudományi Egyetem
Budapest
2025
|
| Sorozat: | Szemelvények a BGE kutatásaiból 2024
|
| Tárgyszavak: | |
| doi: | 10.29180/978-615-6886-21-7_12 |
| Kulcsszavak: | glamping alternative accommodation nature nature-based tourism product luxury services |
| Online Access: | http://publikaciotar.uni-bge.hu/2575 |
MARC
| LEADER | 00000naa a2200000 i 4500 | ||
|---|---|---|---|
| 001 | publ2575 | ||
| 005 | 20251125131331.0 | ||
| 008 | 251125s2025 hu o 000 zxx d | ||
| 020 | |a 978-615-6886-21-7 | ||
| 024 | |a 10.29180/978-615-6886-21-7_12 |2 doi | ||
| 040 | |a BGE Publikációtár Repozitórium |b hun | ||
| 100 | 1 | |a Juhász-Dóra Katalin | |
| 245 | 1 | 0 | |a Glamping |b Luxury in the lap of nature |c Juhász-Dóra Katalin |h [elektronikus dokumentum] |
| 260 | |a Budapesti Gazdaságtudományi Egyetem |b Budapest |c 2025 | ||
| 300 | |a 119-128 | ||
| 490 | 0 | |a Szemelvények a BGE kutatásaiból 2024 | |
| 650 | 4 | |a társadalomtudományok | |
| 695 | |a glamping | ||
| 695 | |a alternative accommodation | ||
| 695 | |a nature | ||
| 695 | |a nature-based tourism product | ||
| 695 | |a luxury services | ||
| 856 | 4 | 0 | |u https://publikaciotar.uni-bge.hu/id/eprint/2575/1/BGE%20Szemelv%C3%A9nyek%202024%20III.%20k%C3%B6tet_12.pdf |z Dokumentum-elérés |